| 000 | 00838nam a22002297a 4500 | ||
|---|---|---|---|
| 999 |
_c2625 _d2625 |
||
| 003 | AR-CdUCM | ||
| 008 | 190305b ||||| |||| 00| 0 spa d | ||
| 040 |
_aMUNICIPALIDAD PROVINCIAL DEL CUSCO _cBIBLIOTECA MUNICIPAL DEL CUSCO |
||
| 082 |
_a859.9 / _bP31 |
||
| 100 |
_aPavese, Cesare _98466 |
||
| 245 |
_aTrabajar cansa : _bVendrá la muerte y tendrá tus ojos / |
||
| 260 |
_aArgenrina : _bEditorial Lautaro, _c1961. |
||
| 300 |
_a190 Páginas ; _c20 cm. |
||
| 505 | _aContenido: Los mares de Sud (1931) -- Antepasados (1931) -- Paisaje I (1933) -- Gente desarraigada (1933) -- El dios-cabro (1933) -- Paisaje II (1933)... | ||
| 650 |
_aPoesía Argentina _91657 |
||
| 650 |
_aPavese _99240 |
||
| 650 |
_aEl compañero _99241 |
||
| 650 |
_aProloguista _99242 |
||
| 650 |
_aVersos simples _99243 |
||
| 942 |
_2ddc _cLIBROS |
||
| 945 | _adavv | ||